000 00491nam a2200217Ia 4500
003 OSt
005 20220927104954.0
006 a|||||r|||| 00| 0
007 ta
008 220926b |||||||| |||| 00| 0 eng d
024 _a157966
037 _cReference Collections
040 _aRTL
_cRTL
_beng
041 _2eng
_aeng
245 0 _aAmerican statistician
260 _c1966
300 _a227p
_ccm.
490 _vV. 20
942 _cCC
999 _c689860
_d689860